[Event "Polanica Zdroj op-A 44th"]
[Site "Polanica Zdroj"]
[Date "2008.08.26"]
[Round "8"]
[White "Tokarski, Bartosz"]
[Black "Dluzniewski, Marcin"]
[Result "1/2-1/2"]
[WhiteElo "2157"]
[BlackElo "2228"]
[PlyCount "153"]
[EventDate "2008.08.19"]
[EventType "swiss"]
[EventRounds "10"]
[EventCountry "POL"]
[SourceTitle "CBM 126 Extra"]
[Source "ChessBase"]
[SourceDate "2008.11.05"]
[SourceVersion "1"]
[SourceVersionDate "2008.11.05"]
[SourceQuality "1"]

1. e4 c6 2. d4 d5 3. e5 Bf5 4. c4 e6 5. Nc3 Ne7 6. a3 Nd7 7. c5 b6 8. b4 bxc5 9. bxc5 f6 10. f4 fxe5 11. fxe5 Ng6 12. Nf3 Be7 13. Bd3 0-0 14. 0-0 Rb8 15. Bxf5 Rxf5 16. Qa4 Qc7 17. Be3 Nh4 18. Nxh4 Rxf1+ 19. Rxf1 Bxh4 20. Qd1 Nf8 21. g3 Bd8 22. Qf3 Qe7 23. Bc1 Ba5 24. Ne2 Ng6 25. Nf4 Nxf4 26. Bxf4 Qe8 27. Qd3 Qg6 28. Rd1 Qxd3 29. Rxd3 Rb2 30. h3 h6 31. Kf1 Kf7 32. Be3 Ke7 33. Bf2 Bd2 34. Rf3 a5 35. Ke2 a4 36. Kd1 Ba5 37. Kc1 Ra2 38. Kb1 Re2 39. Kc1 Ke8 40. Kd1 Ra2 41. Kc1 Kd7 42. Kb1 Re2 43. Be3 Ke7 44. Bc1 Be1 45. g4 Bf2 46. Rd3 Kd7 47. Bd2 Kc7 48. Kc2 Kb7 49. Kd1 Re4 50. Bc3 Ka6 51. Kc2 Kb5 52. Bb2 Re2+ 53. Kb1 Be1 54. Rf3 Rf2 55. Re3 Kc4 56. Rxe1 Kb3 57. Re3+ Kc4 58. Rc3+ Kb5 59. Bc1 Rh2 60. Bf4 Rf2 61. Bg3 Rd2 62. Rc2 Rd1+ 63. Ka2 Rxd4 64. Bf2 Rd1 65. Rb2+ Kc4 66. Be3 d4 67. Bd2 Kxc5 68. Rc2+ Kd5 69. Bb4 Kxe5 70. Rxc6 Rh1 71. Bf8 Rh2+ 72. Kb1 Rxh3 73. Rc5+ Ke4 74. Bxg7 Rxa3 75. Re5+ Kf4 76. Rxe6 Kxg4 77. Bxh6 1/2-1/2

[Event "Polanica Zdroj op-A 44th"]
[Site "Polanica Zdroj"]
[Date "2008.08.19"]
[Round "1"]
[White "Dluzniewski, Marcin"]
[Black "Goluch, Piotr"]
[Result "1/2-1/2"]
[WhiteElo "2228"]
[BlackElo "2019"]
[PlyCount "43"]
[EventDate "2008.08.19"]
[EventType "swiss"]
[EventRounds "10"]
[EventCountry "POL"]
[SourceTitle "CBM 126 Extra"]
[Source "ChessBase"]
[SourceDate "2008.11.05"]
[SourceVersion "1"]
[SourceVersionDate "2008.11.05"]
[SourceQuality "1"]

1. e4 c5 2. Nc3 e6 3. g3 d5 4. Bg2 Nf6 5. d3 Be7 6. f4 0-0 7. Nf3 b5 8. e5 Nfd7 9. 0-0 Qb6 10. Kh1 Nc6 11. a4 b4 12. Ne2 Ba6 13. g4 c4 14. d4 c3 15. b3 f6 16. Re1 fxe5 17. fxe5 Bxe2 18. Rxe2 Rxf3 19. Bxf3 Qxd4 20. Be3 Qxd1+ 21. Rxd1 Nc5 22. Bg2 1/2-1/2

[Event "Kochan Memorial op"]
[Site "Koszalin"]
[Date "2001.08.14"]
[Round "10"]
[White "Dluzniewski, Marcin"]
[Black "Markiewicz, Jacek"]
[Result "1/2-1/2"]
[WhiteElo "2224"]
[BlackElo "2245"]
[PlyCount "34"]
[EventDate "2001.08.03"]
[EventType "swiss"]
[EventRounds "10"]
[EventCountry "POL"]
[SourceTitle "EXT 2002"]
[Source "ChessBase"]
[SourceDate "2001.11.25"]
[SourceVersion "1"]
[SourceVersionDate "2001.11.25"]
[SourceQuality "1"]

1. e4 e5 2. Nf3 Nc6 3. Nc3 g6 4. d4 exd4 5. Nxd4 Bg7 6. Nxc6 bxc6 7. Bc4 d6 8. 0-0 Be6 9. Bxe6 fxe6 10. f4 Nf6 11. f5 gxf5 12. exf5 e5 13. Bg5 d5 14. Qe2 e4 15. Na4 Qd6 16. c3 0-0 17. Be3 Nd7 1/2-1/2

[Event "Kochan Memorial op"]
[Site "Koszalin"]
[Date "2001.08.10"]
[Round "6"]
[White "Dluzniewski, Marcin"]
[Black "Guliev, Logman"]
[Result "1-0"]
[WhiteElo "2224"]
[BlackElo "2371"]
[PlyCount "113"]
[EventDate "2001.08.03"]
[EventType "swiss"]
[EventRounds "10"]
[EventCountry "POL"]
[SourceTitle "EXT 2002"]
[Source "ChessBase"]
[SourceDate "2001.11.25"]
[SourceVersion "1"]
[SourceVersionDate "2001.11.25"]
[SourceQuality "1"]

1. e4 c5 2. Nc3 Nc6 3. g3 g6 4. Bg2 Bg7 5. d3 d6 6. Be3 e5 7. Qd2 Nd4 8. Nd5 Be6 9. c3 Bxd5 10. exd5 Nf5 11. Nh3 h6 12. 0-0 Nge7 13. f4 Nxe3 14. Qxe3 Nf5 15. Qf2 0-0 16. g4 Nh4 17. f5 Nxg2 18. Qxg2 Bf6 19. Nf2 Rc8 20. c4 b5 21. Ne4 Rb8 22. b3 a5 23. Rf3 g5 24. Raf1 a4 25. Rh3 Kg7 26. Rh5 bxc4 27. bxc4 a3 28. h4 Rh8 29. Qh3 gxh4 30. Kh1 Rb2 31. Rg1 Bg5 32. f6+ Kg8 33. Qf3 Bf4 34. Rxh4 Rh7 35. g5 Kh8 36. Qh5 Rxa2 37. g6 fxg6 38. Qxg6 Rc2 39. Nxd6 Rc1 40. Rxc1 Bxc1 41. Nf7+ Rxf7 42. Qxf7 Qg8 43. Qxg8+ Kxg8 44. Rg4+ Kf7 45. Rg7+ Kxf6 46. Ra7 e4 47. dxe4 Ke5 48. Kg2 Kxe4 49. d6 Kd4 50. d7 Bg5 51. Rxa3 Kxc4 52. Ra8 Kc3 53. d8Q Bxd8 54. Rxd8 c4 55. Kf3 Kc2 56. Ke3 c3 57. Rc8 1-0

[Event "POL-chT 2nd div North"]
[Site "Lublin"]
[Date "1999.??.??"]
[Round "7"]
[White "Dluzniewski, Marcin"]
[Black "Panczyk, Krzysztof"]
[Result "1/2-1/2"]
[WhiteElo "2225"]
[BlackElo "2330"]
[PlyCount "60"]
[EventDate "1999.09.11"]
[EventType "team-swiss"]
[EventRounds "8"]
[EventCountry "POL"]
[SourceTitle "EXT 2003"]
[Source "ChessBase"]
[SourceDate "2002.11.25"]
[SourceVersion "1"]
[SourceVersionDate "2002.11.25"]
[SourceQuality "1"]
[WhiteTeam "Lublin AZS UMCS"]
[BlackTeam "Podlaskie Tow Szachowe"]
[WhiteTeamCountry "POL"]
[BlackTeamCountry "POL"]

1. e4 e5 2. Nf3 Nc6 3. Nc3 Nf6 4. d4 exd4 5. Nxd4 Bb4 6. Nxc6 bxc6 7. Bd3 0-0 8. 0-0 d5 9. exd5 cxd5 10. Bg5 Be6 11. Qf3 Be7 12. h3 Rb8 13. b3 h6 14. Bd2 Nh7 15. Rad1 c6 16. Ne2 Ng5 17. Qg3 Bd6 18. Bf4 Bxf4 19. Nxf4 Qd6 20. h4 Nh7 21. Nxd5 Qxg3 22. Ne7+ Kh8 23. fxg3 c5 24. Nc6 Rb7 25. Bxh7 Kxh7 26. Nd8 Rb6 27. Nxe6 Rxe6 28. Rfe1 Rd8 29. Rxd8 Rxe1+ 30. Kh2 Ra1 1/2-1/2

[Event "POL-chT2"]
[Site "Augustow"]
[Date "1997.??.??"]
[Round "?"]
[White "Dluzniewski, Marcin"]
[Black "Zochowski, Wieslaw"]
[Result "0-1"]
[WhiteElo "1800"]
[BlackElo "1800"]
[PlyCount "72"]
[EventDate "1997.??.??"]
[EventType "team"]
[EventRounds "9"]
[EventCountry "POL"]
[SourceTitle "EXT 2003"]
[Source "ChessBase"]
[SourceDate "2002.11.25"]
[SourceVersion "1"]
[SourceVersionDate "2002.11.25"]
[SourceQuality "1"]

1. e4 e5 2. Nf3 Nc6 3. Bb5 a6 4. Ba4 Nf6 5. 0-0 Be7 6. Re1 b5 7. Bb3 d6 8. d3 0-0 9. Nbd2 Na5 10. c3 Nxb3 11. Qxb3 Be6 12. Qc2 c5 13. Nf1 h6 14. Ng3 a5 15. Be3 Ng4 16. Bd2 Qd7 17. Qc1 f5 18. h3 f4 19. Nf1 Nf6 20. d4 Bxh3 21. gxh3 Qxh3 22. N1h2 Ng4 23. Re2 Nxh2 24. Nxh2 f3 25. Nxf3 Qg4+ 26. Kh2 Rxf3 27. Qf1 Raf8 28. Qg2 Qh5+ 29. Kg1 R8f6 30. Bg5 Rg6 31. Bxe7 Rxg2+ 32. Kxg2 Qg4+ 33. Kf1 Rh3 34. f3 Qxf3+ 35. Ke1 Rh1+ 36. Kd2 Rxa1 0-1

[Event "Polanica Zdroj op"]
[Site "Polanica Zdroj"]
[Date "1995.??.??"]
[Round "2"]
[White "Dluzniewski, Marcin"]
[Black "Gritsak, Orest"]
[Result "0-1"]
[WhiteElo "2210"]
[BlackElo "2365"]
[PlyCount "58"]
[EventDate "1995.08.??"]
[EventType "swiss"]
[EventRounds "10"]
[EventCountry "POL"]
[SourceTitle "EXT 1997"]
[Source "ChessBase"]
[SourceDate "1996.11.15"]
[SourceVersion "1"]
[SourceVersionDate "1996.11.15"]
[SourceQuality "1"]

1. e4 c5 2. Nc3 Nc6 3. g3 g6 4. Bg2 Bg7 5. d3 Nf6 6. Be3 d6 7. h3 0-0 8. Nge2 Rb8 9. 0-0 b5 10. Qd2 b4 11. Nd1 Ba6 12. f4 Nd7 13. f5 Re8 14. Bh6 Be5 15. c4 bxc3 16. bxc3 Qa5 17. Nf2 Bh8 18. h4 Nf6 19. Qg5 Ne5 20. Nf4 Nfd7 21. Nd5 Qd8 22. Qd2 Nf6 23. fxg6 hxg6 24. Bg5 Nh7 25. Rab1 Nxg5 26. hxg5 Rxb1 27. Rxb1 e6 28. Nf6+ Bxf6 29. gxf6 Qxf6 0-1

[Event "Czestochowa YAWAL op"]
[Site "Czestochowa"]
[Date "1994.??.??"]
[Round "2"]
[White "Dluzniewski, Marcin"]
[Black "Klementys, Jerzy"]
[Result "1-0"]
[WhiteElo "2215"]
[BlackElo "1800"]
[PlyCount "101"]
[EventDate "1994.??.??"]
[EventType "swiss"]
[EventRounds "9"]
[EventCountry "POL"]
[SourceTitle "EXT 2006"]
[Source "ChessBase"]
[SourceDate "2005.11.24"]
[SourceVersion "1"]
[SourceVersionDate "2005.11.24"]
[SourceQuality "1"]

1. e4 e5 2. Nf3 d6 3. d4 exd4 4. Nxd4 g6 5. Be3 Bg7 6. Nc3 Nf6 7. Qd2 0-0 8. 0-0-0 Re8 9. f3 Nc6 10. g4 Ne5 11. Be2 a6 12. Bh6 Bh8 13. Rhg1 Nc6 14. Be3 Nxd4 15. Bxd4 b5 16. g5 Nd7 17. Bxh8 Kxh8 18. Nd5 Bb7 19. Qc3+ Kg8 20. Qxc7 Bxd5 21. Qxd8 Rexd8 22. Rxd5 Nb6 23. Rd4 Rac8 24. Rgd1 Rc6 25. c3 Kf8 26. e5 d5 27. f4 Ke7 28. Bf3 Rc4 29. Rxc4 bxc4 30. b3 cxb3 31. axb3 a5 32. Kc2 Rd7 33. Rd3 Rd8 34. Bg4 Ra8 35. Rh3 Rh8 36. f5 gxf5 37. Bxf5 Nd7 38. Rd3 Nb6 39. Re3 h6 40. Rh3 h5 41. Rh4 Nd7 42. Bxd7 Kxd7 43. Rf4 Ke6 44. h4 Rh7 45. Ra4 Kxe5 46. Rxa5 Ke6 47. Ra6+ Kf5 48. Rh6 Rxh6 49. gxh6 Kg6 50. b4 Kxh6 51. b5 1-0

[Event "Czestochowa YAWAL op"]
[Site "Czestochowa"]
[Date "1994.??.??"]
[Round "4"]
[White "Dluzniewski, Marcin"]
[Black "Szopka, Dariusz"]
[Result "0-1"]
[WhiteElo "2215"]
[BlackElo "2295"]
[PlyCount "64"]
[EventDate "1994.??.??"]
[EventType "swiss"]
[EventRounds "9"]
[EventCountry "POL"]
[SourceTitle "EXT 2006"]
[Source "ChessBase"]
[SourceDate "2005.11.24"]
[SourceVersion "1"]
[SourceVersionDate "2005.11.24"]
[SourceQuality "1"]

1. e4 d6 2. Nc3 g6 3. d4 Bg7 4. Be3 Nf6 5. f3 c6 6. Qd2 h5 7. 0-0-0 Qc7 8. Nh3 Bxh3 9. gxh3 b5 10. e5 b4 11. Ne4 dxe5 12. dxe5 Nxe4 13. fxe4 Bxe5 14. Bc4 Nd7 15. Bxf7+ Kxf7 16. Qxd7 Qxd7 17. Rxd7 Rhd8 18. Rhd1 Rxd7 19. Rxd7 Ke6 20. Rxa7 Rf8 21. a4 bxa3 22. bxa3 Rf1+ 23. Kd2 Rh1 24. Bc5 Rxh2+ 25. Kc1 Bf6 26. a4 Rxh3 27. e5 Rh1+ 28. Kd2 Bg5+ 29. Kc3 h4 30. Ra8 h3 31. Rh8 Bf4 32. Bd4 h2 0-1